Mathématiques par lettre - P - Statistiques

Statistiques générales
  • Ce quiz a été pris 461 fois
  • Le résultat moyen est 14 sur 20
Statistiques - réponses
Hint Réponse % Correct
Nombre divisible uniquement par 1 et par lui-même Premier
97%
Théorème selon lequel, dans un triangle rectangle, le carré de la longueur de l’hypoténuse est égal à la somme des carrés des longueurs des deux autres côtés Pythagore
95%
Résultat de la multiplication Produit
94%
Nombre divisible par 2 Pair
93%
Polygone à 5 côtés Pentagone
92%
Nombre supérieur à zéro Positif
92%
Nombre qui qualifie la possibilité qu'un événement se produise ou non Probabilité
84%
Dans un cercle, ratio circonférence sur diamètre Pi
76%
Caractérise deux courbes qui ne rencontrent jamais Parallèles
74%
Qui fait un angle droit Perpendiculaire
74%
Fonction inverse de la dérivée Primitive
74%
Nombre qui se lit aussi de droite à gauche Palindrome
70%
Quadrilatère dont les côtes sont parallèles deux à deux Parallélogramme
70%
Longueur d'une courbe fermée Périmètre
68%
Rapport ramené à une base de 100 Pourcentage
68%
Synonyme de cyclique Périodique
58%
Se dit d'un nombre entier naturel dont la somme des diviseurs stricts est égale au nombre lui-même Parfait
45%
Affirmation tenue pour vraie, avec intention de le démonter ultérieurement Postulat
33%
Figure qui n'a pas d'étendue Point
28%
Nombre qui peut varier à volonté Paramètre
20%
Aucun quiz correspondant
Distribution des résultats
% des personnes avec chaque résultat
Percentile par nombre de réponses
Votre historique - résultats
Vous n’avez pas pris ce quiz